| 000 | 02288nkm0a2200433 4500 | ||
|---|---|---|---|
| 001 | RU\NLR\DIGIT\526032 | ||
| 005 | 20260204000000.0 | ||
| 010 |
_d50 к. _920000 экз. |
||
| 020 |
_aRU _9ЛЕНИНГРАД В ВЕЛИКОЙ ОТЕЧЕСТВЕННОЙ ВОЙНЕ: Печать Ленинграда, 1941 - 1945: каталог изданий, хранящихся в фондах Государственной Публичной библиотеки, вып.2. Листовки,плакаты,открытки,альбомы/Гос.публ.б-ка им.М.Е.Салтыкова-Щедрина. - Ленинград,1972 _b548 |
||
| 035 | _a(NLR Aleph) 010540185 | ||
| 090 |
_a79060 _c79060 |
||
| 100 | _a20141112d1941 m y0rusy50 ca | ||
| 101 | 0 | _arus | |
| 102 | _aRU | ||
| 116 | _adiycxx zz ad | ||
| 135 | _acrcn 024anaba | ||
| 200 | 1 |
_aВиды зажигательных авиабомб и их действие _e[Плакат] _fХудож. А.П. Корзов. Авт. А.Н. Зеликовский |
|
| 210 |
_aЛенинград _cКОИЗ _d[1941] |
||
| 215 |
_a1 л. _d52x40 см |
||
| 325 | _aКопия доступна в Электрон. б-ке РНБ http://vivaldi.nlr.ru/la000070174/view | ||
| 327 | 0 | _aНагл. пособ. | |
| 606 | 1 |
_aБлокада Ленинграда _z1941 - 1944 _jПлакаты _2nlr_sh1 _2nlr_sh2 _3RU\NLR\AUTH\661253360 |
|
| 608 |
_aПлакаты инструктивно-методические _2nlr-sh2 |
||
| 610 | 0 | _aПлакаты | |
| 702 | 1 |
_aКорзов _bА.П. _cхудожник _f1904-1971 _gАлексей Петрович _4040 |
|
| 702 | 1 |
_aЗеликовский _bА.Н. _4070 |
|
| 801 | 2 |
_aRU _bNLR _c20141112 _2rusmarc |
|
| 852 |
_aNLR _bЛ3-310 п _j8/2-7 |
||
| 856 | 0 | _uhttp://vivaldi.nlr.ru/la000070174/view | |
| 856 | 1 | _uhttp://vivaldi.nlr.ru/la000070174/cover | |
| 856 | 2 | _uhttp://vivaldi.nlr.ru/la000070174/text | |
| 942 | _cVISUAL | ||
| 945 | _aРоссийская национальная библиотека | ||
| 980 | _aNB | ||
| 980 | _aBV | ||
| 981 | 3 | 7 | _a(37) Ленинград в Великой Отечественной войне |
| 981 | 1 | 7 |
_a(17) Изографические материалы _b(17) Плакаты |